Loading...
| History - American | 0 | 4 | 0 | 1 | 40 | 69 | 92.75 | 3 | 4 | 0.00 | 0.00 |
| Literature - British | 0 | 3 | 0 | 0 | 30 | 88 | 95.00 | 2 | 3 | 0.00 | 0.00 |
| History - European | 0 | 3 | 0 | 1 | 30 | 45 | 89.33 | 3 | 3 | 0.00 | 0.00 |
| Fine Arts - Classical Music | 0 | 3 | 1 | 0 | 25 | 109 | 120.67 | 0 | 3 | 0.00 | 0.00 |
| History - Other | 0 | 2 | 0 | 1 | 20 | 57 | 89.50 | 0 | 2 | 0.00 | 0.00 |
| Geography | 0 | 1 | 0 | 0 | 10 | 121 | 121.00 | 1 | 1 | 0.00 | 0.00 |
| Philosophy | 0 | 1 | 0 | 0 | 10 | 125 | 125.00 | 0 | 1 | 0.00 | 0.00 |
| Religion | 0 | 1 | 0 | 1 | 10 | 132 | 132.00 | 1 | 1 | 0.00 | 0.00 |
| Science - Biology | 0 | 1 | 0 | 0 | 10 | 84 | 84.00 | 1 | 1 | 0.00 | 0.00 |
| Science - Chemistry | 0 | 1 | 0 | 0 | 10 | 80 | 80.00 | 0 | 1 | 0.00 | 0.00 |
| Science - Physics | 0 | 1 | 0 | 0 | 10 | 94 | 94.00 | 1 | 1 | 0.00 | 0.00 |
| History - World | 0 | 1 | 1 | 0 | 5 | 73 | 73.00 | 1 | 1 | 0.00 | 0.00 |
| Literature - European | 0 | 1 | 1 | 0 | 5 | 121 | 121.00 | 1 | 1 | 0.00 | 0.00 |
| Fine Arts - Painting and Sculpture | 0 | 1 | 2 | 0 | 0 | 96 | 96.00 | 0 | 1 | 0.00 | 0.00 |
| Fine Arts - Other | 0 | 0 | 1 | 0 | -5 | 0.00 | 0 | 0 | 0.00 | 0.00 | |
| Literature - World | 0 | 0 | 1 | 0 | -5 | 0.00 | 0 | 0 | 0.00 | 0.00 |